Право соціального забезпечення в Україні (Запис № 341112)

МАРК-запис
000 -Лідер
fixed length control field 00733nam a22002417a 4500
003 - Ідентифікатор контрольного номера
control field UA-OsUOA
001 - Контрольний номер
control field 55037
007 - Фіксоване поле фізичного опису
fixed length control field ta
008 - Елементи даних фіксованої довжини – загальна інформація
fixed length control field 20080806b un ||||| |||| 00| 0 ukr d
090 ## - Локальний шифр розміщення
Класифікаційний індекс УДК 349.3:364(075.8)
Авторський знак (НП) С40
040 ## - Джерело каталогізації
Агенція оригінальної каталогізації UA-OsUOA
Мова каталогізації ukr
Агенція, яка здійснювала перезапис UA-OsUOA
Агенція, яка здійснювала модифікацію UA-OsUOA
041 ## - Код мови
Код мови тексту/ звукової доріжки чи окремого заголовка (П) ukr
080 ## - Індекс Універсальної десяткової класифікації
Індекс Універсальної десяткової класифікації (УДК) (НП) 349.3:364(075.8)
100 ## - Основне введення – ім’я особи
Ім’я особи (НП) Сирота І.М.
245 ## - Відомості про назву
Назва (НП) Право соціального забезпечення в Україні
Решта назви (НП) підручник
260 ## - Публікація, розповсюдження і т.п. (Вихідні дані)
Місце публікації, розповсюдження і т.п. (П) Харків
Ім’я/ наймення видавництва, розповсюджувача і т.п. (П) Одіссей
Дата публікації, розповсюдження і т.п. (П) 2007
250 ## - Відомості про видання (редакцію)
-- вид.7-е переробл.,і доп.
300 ## - Фізичний опис
Обсяг 408 с.
650 #7 - Додаткове предметне введення – тематичний термін
Тематичний термін чи географічна назва, як елемент введення (НП) 349.3 Право соціального забезпечення
Джерело заголовка чи терміна UDC
942 ## - Додаткові елементи входу (Коха)
Тип елемента Koha Книги
955 ## - Код типу видання за змістом
Код типу видання за змістом (НП) Навчальні видання
Фонди
Стан вилучень Стан втрат Джерело класифікації або схеми стелажів Стан уражень Не для кредиту Постійне місце розташування Поточне розміщення Дата придбання Джерело придбання Вартість, звичайна ціна покупки Інвентарний номер Усього замовленно Повний номер виклику Штрих-код Дата останнього перегляду Ціна ефективна від Тип елемента Koha
    Universal Decimal Classification     ЧЗ - Читальна зала ЧЗ - Читальна зала 06/08/2008 95/2008 33.70 114154   349.3:364(075.8) С40 114154 09/02/2022 06/08/2008 Книги
    Universal Decimal Classification     ЧЗ - Читальна зала ЧЗ - Читальна зала 06/08/2008 95/2008 33.70 114155   349.3:364(075.8) С40 114155 09/02/2022 06/08/2008 Книги
    Universal Decimal Classification     ЧЗ - Читальна зала ЧЗ - Читальна зала 06/08/2008 95/2008 33.70 114156   349.3:364(075.8) С40 114156 09/02/2022 06/08/2008 Книги
    Universal Decimal Classification     ЧЗ - Читальна зала ЧЗ - Читальна зала 06/08/2008 95/2008 33.70 114157   349.3:364(075.8) С40 114157 09/02/2022 06/08/2008 Книги